[Event "Ambelokipi op 107th"]
[Site "Athens"]
[Date "2010.09.13"]
[Round "1"]
[White "Vazelakis, Dimitrios"]
[Black "Ifandis, Andreas"]
[Result "0-1"]
[WhiteElo "2039"]
[BlackElo "1665"]
[PlyCount "52"]
[EventDate "2010.09.11"]
[EventType "swiss"]
[EventRounds "7"]
[EventCountry "GRE"]
[SourceTitle "EXT 2024"]
[Source "ChessBase"]
[SourceDate "2023.10.10"]
[SourceVersion "1"]
[SourceVersionDate "2023.10.10"]
[SourceQuality "1"]

1. c4 Nf6 2. Nc3 d6 3. g3 g6 4. Bg2 Bg7 5. d3 0-0 6. e4 e5 7. Nge2 c6 8. 0-0 Be6 9. h3 Qd7 10. Kh2 a5 11. f4 Na6 12. g4 Bxg4 13. hxg4 Nxg4+ 14. Kg1 Qe7 15. f5 Qh4 16. Rf3 Nc5 17. Bd2 gxf5 18. exf5 Bf6 19. Bh3 Kh8 20. Qe1 Qh5 21. Bxg4 Rg8 22. Ng3 Rxg4 23. Kg2 Rag8 24. Qh1 Rh4 25. Qg1 Qg4 26. Nce2 Nxd3 0-1